00315nam a2200097Ia 4500008004100000245007500041245003100116260000900147650001300156856004800169171211s9999 xx 000 0 und d aActivity and Participation in Late Antique and Early Christian Thought cTorstein Theodor Tollefsen c2012 xRELIGION uhttp://down.ebook777.com/062/0199605963.pdf